Možnosti využití dronů v cestovním ruchu

Použitie dronov v cestovnom ruchu. Charakteristika dronov. Inteligentné letové režimy. Bezpečnosť a pravidlá lietania s dronmi. Prehľad dronov podľa ceny a relevantných vlastností. Testovanie a praktické skúsenosti s dronmi. Mapovanie destinácie.

Salvato in:
Dettagli Bibliografici
Autore principale: Smrčka, František
Natura: Capitolo di libro
Lingua:ceco
Soggetti:
Tags: Aggiungi Tag
Nessun Tag, puoi essere il primo ad aggiungerne!!

MARC

LEADER 00000nla a2200000 4500
001 0247633
005 20251204130945.5
041 0 |a cze 
044 |a CZ 
245 1 0 |a Možnosti využití dronů v cestovním ruchu  |c František Smrčka 
520 |a Použitie dronov v cestovnom ruchu. Charakteristika dronov. Inteligentné letové režimy. Bezpečnosť a pravidlá lietania s dronmi. Prehľad dronov podľa ceny a relevantných vlastností. Testovanie a praktické skúsenosti s dronmi. Mapovanie destinácie. 
610 2 0 |a ruch cestovný 
610 2 0 |a lietadlá 
610 2 0 |a drony 
610 2 0 |a technológie nové 
610 2 0 |a fotografia 
610 2 0 |a mapy 
610 2 0 |a film 
100 1 |a Smrčka, František